000 00376 a2200169 4500
001 72337
020 _a8508061196
040 _cAnchieta - Colégio São Paulo
100 _aBandeira, Pedro
240 1 0 _aGente de estimação
_lpor
245 1 0 _aGente de estimação
300 _a100
362 0 _a1996
440 1 _aÁtica
650 4 _aLiteratura juvenil
942 _cBK
999 _c72337
_d72337